000 00655cab a2200229 4500
001 WB3042-87
008 090401t1994 xxu||||| |||| 00| 0 eng d
035 _a(Sirsi) u81443
041 _aeng
245 _aCroydon tram line
260 _c1994
350 _a0
490 _aBuilding
_v259(7868) 11 November 1994, 8(1)
520 _aLondon Underground and Croydon council are to apply to government for partial funding for the £160m Croydon Tramlink.
650 _aCROYDON TRAMLINK
650 _aLIGHT RAILWAYS
650 _aPUBLIC FUNDING
650 _aTRAMS
690 _aTRANSPORT AND COMMUNICATIONS
942 _n0
948 _c04/03/1997
999 _c51311
_d51311